[Event "HUN-chT2 Charousek 0203"]
[Site "Hungary"]
[Date "2003.03.23"]
[Round "9.9"]
[White "Vucsko, Jozsef"]
[Black "Rozsa, Sandor"]
[Result "1-0"]
[WhiteElo "2125"]
[BlackElo "2102"]
[PlyCount "77"]
[EventDate "2002.09.22"]
[EventType "team"]
[EventRounds "11"]
[EventCountry "HUN"]
[SourceTitle "EXT 2004"]
[Source "ChessBase"]
[SourceDate "2003.11.25"]
[SourceVersion "1"]
[SourceVersionDate "2003.11.25"]
[SourceQuality "1"]
[WhiteTeam "Lenti"]
[BlackTeam "Matador"]
[WhiteTeamCountry "HUN"]
[BlackTeamCountry "HUN"]

1. d4 Nf6 2. c4 g6 3. Nc3 Bg7 4. e4 d6 5. Nf3 0-0 6. Be2 e5 7. dxe5 dxe5 8. Qb3 Nbd7 9. Bg5 c6 10. 0-0 Qc7 11. Qc2 Nc5 12. h3 Ne6 13. Be3 Nh5 14. c5 Nhf4 15. Rfd1 Nxe2+ 16. Nxe2 f5 17. b4 f4 18. Bd2 Qe7 19. Bc3 Ng5 20. Qd3 Be6 21. Nxg5 Qxg5 22. Qf3 Rad8 23. a3 h5 24. Kh2 Bg4 25. hxg4 hxg4 26. Qd3 Rxd3 27. Rxd3 g3+ 28. Kg1 gxf2+ 29. Kxf2 Qh4+ 30. Kf1 g5 31. Ng1 g4 32. Rad1 Qh5 33. Ke2 Qh1 34. Kf1 f3 35. gxf3 gxf3 36. R1d2 Bh6 37. Rf2 Bg5 38. Bxe5 Bh4 39. Rh2 1-0

[Event "HUN-chT2 Charousek 0203"]
[Site "Hungary"]
[Date "2003.03.02"]
[Round "8.9"]
[White "Keszi, Janos"]
[Black "Vucsko, Jozsef"]
[Result "0-1"]
[WhiteElo "2078"]
[BlackElo "2125"]
[PlyCount "77"]
[EventDate "2002.09.22"]
[EventType "team"]
[EventRounds "11"]
[EventCountry "HUN"]
[SourceTitle "EXT 2004"]
[Source "ChessBase"]
[SourceDate "2003.11.25"]
[SourceVersion "1"]
[SourceVersionDate "2003.11.25"]
[SourceQuality "1"]
[WhiteTeam "Kiraly Sakk"]
[BlackTeam "Lenti"]
[WhiteTeamCountry "HUN"]
[BlackTeamCountry "HUN"]

1. d4 d5 2. Nf3 c5 3. c3 e6 4. Bg5 Qb6 5. Qb3 Nc6 6. e3 Bd7 7. Nbd2 c4 8. Qc2 Qc7 9. e4 a6 10. Be2 Be7 11. 0-0 Bxg5 12. Nxg5 h6 13. Nxf7 Kxf7 14. exd5 exd5 15. Bh5+ Kf8 16. f4 Be8 17. Bg6 Bxg6 18. Qxg6 Nf6 19. Rae1 Qf7 20. Qg3 Re8 21. f5 Kg8 22. Nf3 Ne4 23. Qf4 Kh7 24. Ne5 Qf6 25. Nxc4 Nxc3 26. bxc3 dxc4 27. d5 Ne5 28. Qd4 Qd6 29. Re4 Re7 30. Rfe1 Rhe8 31. R1e3 b5 32. a3 Nd7 33. Re6 Rxe6 34. fxe6 Nf6 35. Re5 Rd8 36. Qf4 Qc5+ 37. Kf1 Rxd5 38. Qf5+ Kg8 39. Rxd5 0-1